| 000 | 00548nam a2200193Ia 4500 | ||
|---|---|---|---|
| 003 | GCL | ||
| 008 | 140319s9999 xx 000 0 eng d | ||
| 040 |
_aGCL / _cGCL |
||
| 082 | 0 | 4 |
_a704.024 _bC H |
| 100 | 1 | _aCHATELET, ALBERT | |
| 245 | 1 | 0 |
_aHIOTOIRE DE LIART:ART CHRETIEN ET ART ISLAME DU MOYEN AGEALA RENAISANCE / _cCHATELET, ALBERT |
| 260 |
_a[S.N] : _bREFORENCES LAROUSSE ، _c1992 |
||
| 300 | _a269P | ||
| 650 | 0 | 4 | _aRENAISSANCE ART |
| 650 | 0 | 4 | _aHISTORY OF ART |
| 650 | 0 | 4 | _aMEDDILE AGE ART |
| 650 | 0 | 4 | _aISLAM - ARTS |
| 942 |
_2ddc _cBK |
||
| 999 |
_c11363 _d11363 |
||